00479nam a2200193 a 4500001001300000003000900013005001700022008004100039020001000080082001600090100001800106245002200124260004200146300001000188500003500198505001600233650001800249700001800267nice12345678IN_TiNIC20260116012137.0050524s1975 dela grp 000 0 eng  ac10000a297.09bBAK aBakhsh, Khuda aPolitics in Islam aDelhibIdarah-Iadabiyat-I Dellic1975 a156p. aincludes index and biblioraphy2 aIndex, XXIX aIslam-History1 aBakhsh, Khuda